The induction of hypnosis : (Record no. 384)
[ view plain ]
| 000 -LEADER | |
|---|---|
| fixed length control field | 01919cam a2200373 i 4500 |
| 005 - DATE AND TIME OF LATEST TRANSACTION | |
| control field | 20260322212017.0 |
| 008 - FIXED-LENGTH DATA ELEMENTS--GENERAL INFORMATION | |
| fixed length control field | data |
| 019 ## - | |
| -- | 880501641 |
| 020 ## - INTERNATIONAL STANDARD BOOK NUMBER | |
| International Standard Book Number | 9781932248678 (alk. paper) |
| 020 ## - INTERNATIONAL STANDARD BOOK NUMBER | |
| International Standard Book Number | 1932248676 (alk. paper) |
| 040 ## - CATALOGING SOURCE | |
| Original cataloging agency | VRA |
| Language of cataloging | eng |
| Description conventions | rda |
| Transcribing agency | VRA |
| Modifying agency | OCLCF |
| -- | OCLCF |
| 041 09 - LANGUAGE CODE | |
| Language code of text/sound track or separate title | eng |
| 042 ## - AUTHENTICATION CODE | |
| Authentication code | nlmcopyc |
| 044 ## - COUNTRY OF PUBLISHING/PRODUCING ENTITY CODE | |
| -- | United States |
| 050 #4 - LIBRARY OF CONGRESS CALL NUMBER | |
| Classification number | RC495 |
| Item number | .Z45 2014 |
| 060 10 - NATIONAL LIBRARY OF MEDICINE CALL NUMBER | |
| Classification number | WM 415 |
| 096 ## - LOCALLY ASSIGNED NLM-TYPE CALL NUMBER (OCLC) | |
| Classification number | WM 415 R67 2014 |
| 001 - CONTROL NUMBER | |
| control field | data |
| 100 1# - MAIN ENTRY--PERSONAL NAME | |
| Personal name | Zeig, Jeffrey K., |
| Dates associated with a name | 1947- , |
| Relator term | author. |
| 245 14 - TITLE STATEMENT | |
| Title | The induction of hypnosis : |
| Remainder of title | an Ericksonian elicitation approach / |
| Statement of responsibility, etc. | Jeffrey K. Zeig & Milton H. Erickson Foundation. |
| 264 #1 - PRODUCTION, PUBLICATION, DISTRIBUTION, MANUFACTURE, AND COPYRIGHT NOTICE | |
| Place of production, publication, distribution, manufacture | Phoenix, Arizona : |
| Name of producer, publisher, distributor, manufacturer | The Milton H. Erickson Foundation Press, |
| Date of production, publication, distribution, manufacture, or copyright notice | [2014] |
| 300 ## - PHYSICAL DESCRIPTION | |
| Extent | xiii, 280 pages : |
| Other physical details | illustrations ; |
| Dimensions | 23 cm. |
| 336 ## - CONTENT TYPE | |
| Content type term | text |
| Content type code | txt |
| Source | rdacontent |
| 337 ## - MEDIA TYPE | |
| Media type term | unmediated |
| Media type code | n |
| Source | rdamedia |
| 338 ## - CARRIER TYPE | |
| Carrier type term | volume |
| Carrier type code | nc |
| Source | rdacarrier |
| 504 ## - BIBLIOGRAPHY, ETC. NOTE | |
| Bibliography, etc. note | Includes bibliographical references (pages 267-274) and index. |
| 505 0# - FORMATTED CONTENTS NOTE | |
| Formatted contents note | Foreword -- Prologue -- A metaphor -- Overview -- Key concepts-- Ch.1. Introduction -- Ch.2. Deconstructing hypnosis (what is hypnosis anyway?) -- Ch.3. Milton H. Erickson and the Foundation that bears his name -- Ch.4. Genealogy : tracking the evolution of Erickson's legacy -- Ch.5. "States"-- the geography of change-- Ch.6. An experiential introduction : Salvador Dali meets Milton H. Erickson -- Ch.7. The traditional model of hypnosis --Ch.8. The phenomenological orientation -- Ch.9. Hypnotic (evocative) communication -- Ch.10. An Ericksonian model of induction and hypnosis -- Ch.11. The language of hypnosis : the microdynamic gift-wrapping of possibilities -- Ch.12. The ARE model : Absorb, Ratify, Elicit. |
| 600 12 - SUBJECT ADDED ENTRY--PERSONAL NAME | |
| Personal name | Erickson, Milton H. |
| 650 12 - SUBJECT ADDED ENTRY--TOPICAL TERM | |
| Topical term or geographic name entry element | Hypnosis |
| General subdivision | methods |
| 710 2# - ADDED ENTRY--CORPORATE NAME | |
| Corporate name or jurisdiction name as entry element | Milton H. Erickson Foundation, |
| Relator term | issuing body. |
| 992 ## - | |
| -- | P3 |
| -- | EF |
| -- | 20151112 |
| 993 ## - | |
| -- | IHH |
| -- | 20151120 |
| 994 ## - | |
| -- | CDN |
| -- | 20151208 |
| Withdrawn status | Lost status | Damaged status | Not for loan | Home library | Current library | Shelving location | Date acquired | Total checkouts | Full call number | Barcode | Date last seen | Price effective from | Koha item type |
|---|---|---|---|---|---|---|---|---|---|---|---|---|---|
| Riverside | Riverside | General stacks | 22/03/2026 | RC495 .Z45 2014 | BC0010394 | 22/03/2026 | 22/03/2026 | Books |